[Event "Remote No Engine Nah2-14 email"]
[Site "Remote email"]
[Date "2014.02.22"]
[Round "?"]
[White "Strebel, Hans Dieter"]
[Black "Galje, Hans"]
[Result "0-1"]
[WhiteElo "2000"]
[BlackElo "2339"]
[PlyCount "32"]
[EventDate "2014.??.??"]
[EventType "tourn (corr)"]
[EventRounds "6"]
[EventCountry "GER"]
[SourceTitle "Corr 2015"]
[Source "ChessBase"]
[SourceDate "2015.07.17"]
[SourceVersion "1"]
[SourceVersionDate "2015.07.17"]
[SourceQuality "1"]

1. Nf3 Nf6 2. c4 c5 3. g3 e6 4. Bg2 d5 5. 0-0 Nc6 6. cxd5 exd5 7. b3 Be7 8. Bb2 0-0 9. d4 Ne4 10. dxc5 Bxc5 11. e3 Bg4 12. Nbd2 Re8 13. h3 Bh5 14. g4 Bg6 15. Nxe4 Bxe4 16. a3 a5 0-1

[Event "Remote No Engine Nah2-14 email"]
[Site "Remote email"]
[Date "2014.02.22"]
[Round "?"]
[White "Strebel, Hans Dieter"]
[Black "Tortoza, Carlos Alberto"]
[Result "1/2-1/2"]
[WhiteElo "2000"]
[BlackElo "1560"]
[PlyCount "48"]
[EventDate "2014.??.??"]
[EventType "tourn (corr)"]
[EventRounds "6"]
[EventCountry "GER"]
[SourceTitle "Corr 2015"]
[Source "ChessBase"]
[SourceDate "2015.07.17"]
[SourceVersion "1"]
[SourceVersionDate "2015.07.17"]
[SourceQuality "1"]

1. Nf3 d5 2. c4 d4 3. d3 c5 4. g3 Nc6 5. Bg2 Bd7 6. 0-0 e5 7. Nbd2 f5 8. a3 a5 9. Qc2 Nf6 10. h3 Be7 11. e4 f4 12. g4 h5 13. g5 Nh7 14. h4 g6 15. b3 0-0 16. Bb2 Qc8 17. Nh2 Bg4 18. Ndf3 Bh3 19. Bc1 Bd6 20. Qe2 Rf7 21. Bd2 b6 22. Kh1 Qd7 23. Rg1 Ne7 24. Rab1 Nc6 1/2-1/2

[Event "Remote S7E Easy email"]
[Site "Remote email"]
[Date "2014.02.11"]
[Round "?"]
[White "Henkel, Phil"]
[Black "Strebel, Hans Dieter"]
[Result "1-0"]
[WhiteElo "1996"]
[BlackElo "2000"]
[PlyCount "75"]
[EventDate "2014.??.??"]
[EventType "tourn (corr)"]
[EventRounds "6"]
[EventCountry "GER"]
[SourceTitle "Corr 2015"]
[Source "ChessBase"]
[SourceDate "2015.07.17"]
[SourceVersion "1"]
[SourceVersionDate "2015.07.17"]
[SourceQuality "1"]

1. c4 Nf6 2. Nc3 c6 3. d4 d5 4. Nf3 dxc4 5. a4 Be6 6. e4 g6 7. Ng5 Bd7 8. Bxc4 e6 9. 0-0 Bg7 10. e5 Nd5 11. Nge4 0-0 12. Nd6 Qc7 13. Nce4 Nb6 14. Bd3 Nc8 15. Qb3 Nxd6 16. Nxd6 b6 17. Bd2 c5 18. Rfc1 Nc6 19. Nb5 Qd8 20. dxc5 Nxe5 21. Rc2 Bxb5 22. Bxb5 a6 23. Be2 bxc5 24. Be3 Rb8 25. Qa3 c4 26. Rd1 Qc7 27. Bf4 Qa5 28. h3 Rb3 29. Qd6 Rb4 30. Rb1 Rd8 31. Qe7 Rxa4 32. Bxe5 Bxe5 33. Bxc4 Ra1 34. Rcc1 Bxb2 35. Rxa1 Bxa1 36. Bf1 Bg7 37. Rc7 Rf8 38. Ra7 1-0

[Event "Remote S7E Easy email"]
[Site "Remote email"]
[Date "2014.02.11"]
[Round "?"]
[White "Mueller, Christoph"]
[Black "Strebel, Hans Dieter"]
[Result "1-0"]
[WhiteElo "1775"]
[BlackElo "2000"]
[PlyCount "37"]
[EventDate "2014.??.??"]
[EventType "tourn (corr)"]
[EventRounds "6"]
[EventCountry "GER"]
[SourceTitle "Corr 2015"]
[Source "ChessBase"]
[SourceDate "2015.07.17"]
[SourceVersion "1"]
[SourceVersionDate "2015.07.17"]
[SourceQuality "1"]

1. d4 Nf6 2. c4 e5 3. d5 Bb4+ 4. Bd2 Qe7 5. a3 Bc5 6. e3 a6 7. Nc3 d6 8. Bd3 0-0 9. Nge2 Nbd7 10. Qc2 g6 11. 0-0 Ba7 12. b4 c5 13. Kh1 Nh5 14. b5 f5 15. Ng3 Ndf6 16. Nxh5 Nxh5 17. Be2 Nf6 18. f3 Kg7 19. Rab1 1-0

[Event "Remote S7E Easy email"]
[Site "Remote email"]
[Date "2014.02.11"]
[Round "?"]
[White "Strebel, Hans Dieter"]
[Black "Biskopp, Wolf Ulrich"]
[Result "0-1"]
[WhiteElo "2000"]
[BlackElo "2532"]
[PlyCount "48"]
[EventDate "2014.??.??"]
[EventType "tourn (corr)"]
[EventRounds "6"]
[EventCountry "GER"]
[SourceTitle "Corr 2015"]
[Source "ChessBase"]
[SourceDate "2015.07.17"]
[SourceVersion "1"]
[SourceVersionDate "2015.07.17"]
[SourceQuality "1"]

1. Nf3 c5 2. c4 Nc6 3. Nc3 Nf6 4. d3 e6 5. g3 d5 6. cxd5 exd5 7. Bg2 Be6 8. 0-0 d4 9. Nb1 Be7 10. a3 Nd5 11. Nbd2 0-0 12. Qc2 h6 13. h3 Rc8 14. Nc4 Re8 15. b3 Nc3 16. Bb2 b5 17. Nce5 Nxe5 18. Nxe5 Bf6 19. Nf3 c4 20. bxc4 bxc4 21. Bxc3 cxd3 22. Qxd3 Rxc3 23. Qa6 Bc4 24. Qxa7 Bxe2 0-1

[Event "Remote S7E Easy-186 email"]
[Site "Remote email"]
[Date "2014.02.11"]
[Round "?"]
[White "Strebel, Hans Dieter"]
[Black "Tortoza, Carlos Alberto"]
[Result "0-1"]
[WhiteElo "2000"]
[BlackElo "1633"]
[PlyCount "52"]
[EventDate "2014.??.??"]
[EventType "tourn (corr)"]
[EventRounds "6"]
[EventCountry "GER"]
[SourceTitle "Corr 2015"]
[Source "ChessBase"]
[SourceDate "2015.07.17"]
[SourceVersion "1"]
[SourceVersionDate "2015.07.17"]
[SourceQuality "1"]

1. Nf3 d5 2. c4 d4 3. d3 c5 4. g3 Nc6 5. Bg2 e5 6. Nbd2 f5 7. 0-0 Bd6 8. a3 Nf6 9. b3 0-0 10. Bb2 Re8 11. Qc2 f4 12. h3 fxg3 13. fxg3 e4 14. dxe4 Bxg3 15. Ne1 Nh5 16. Nd3 b6 17. b4 Rf8 18. Rxf8+ Qxf8 19. Rf1 Qd6 20. Rf3 Bh2+ 21. Kf1 Ng3+ 22. Ke1 Be6 23. Nf1 Nxf1 24. Rxf1 Qg3+ 25. Rf2 Bg1 26. Kf1 Bxf2 0-1

[Event "Remote S7E Easy-186 email"]
[Site "Remote email"]
[Date "2014.02.11"]
[Round "?"]
[White "Witt, Monika"]
[Black "Strebel, Hans Dieter"]
[Result "1-0"]
[WhiteElo "1478"]
[BlackElo "2000"]
[PlyCount "87"]
[EventDate "2014.??.??"]
[EventType "tourn (corr)"]
[EventRounds "6"]
[EventCountry "GER"]
[SourceTitle "Corr 2015"]
[Source "ChessBase"]
[SourceDate "2015.07.17"]
[SourceVersion "1"]
[SourceVersionDate "2015.07.17"]
[SourceQuality "1"]

1. e4 d5 2. exd5 Qxd5 3. Qf3 Nf6 4. Qxd5 Nxd5 5. Bb5+ c6 6. Bc4 Nf6 7. d3 Bg4 8. f3 Bh5 9. Bg5 Nbd7 10. Bxf6 exf6 11. Nd2 Bd6 12. 0-0-0 0-0 13. a3 Rfe8 14. g4 Bg6 15. b4 Bf4 16. Nh3 Bxd2+ 17. Kxd2 h6 18. Nf4 Kf8 19. Rde1 Ne5 20. Re3 Nxc4+ 21. dxc4 Rxe3 22. Kxe3 Bxc2 23. Nh5 Rd8 24. Rc1 Bg6 25. Nf4 a6 26. Nxg6+ fxg6 27. f4 Ke7 28. c5 Rd5 29. Ke4 Ke6 30. f5+ gxf5+ 31. gxf5+ Rxf5 32. Rd1 Re5+ 33. Kf4 Ke7 34. Rd6 Rd5 35. Rxd5 cxd5 36. Ke3 h5 37. Kf4 Ke6 38. h4 g6 39. a4 Kd7 40. b5 Kc7 41. Ke3 Kd7 42. Kd4 Ke6 43. c6 bxc6 44. bxa6 1-0

[Event "Remote email"]
[Site "Remote email"]
[Date "2014.02.10"]
[Round "?"]
[White "Pfreundt, Jakob"]
[Black "Strebel, Hans Dieter"]
[Result "1-0"]
[WhiteElo "2000"]
[BlackElo "2000"]
[PlyCount "29"]
[EventDate "2014.??.??"]
[EventType "tourn (corr)"]
[EventRounds "6"]
[EventCountry "GER"]
[SourceTitle "Corr 2015"]
[Source "ChessBase"]
[SourceDate "2015.07.17"]
[SourceVersion "1"]
[SourceVersionDate "2015.07.17"]
[SourceQuality "1"]

1. d4 Nf6 2. c4 e5 3. dxe5 Ng4 4. Nf3 Bc5 5. e3 Nc6 6. Be2 Ngxe5 7. 0-0 0-0 8. Nc3 d6 9. a3 Be6 10. b3 Rb8 11. Na4 a6 12. Nxc5 Qe7 13. Nxe6 Qxe6 14. Bb2 Nxf3+ 15. Bxf3 1-0

[Event "Remote Pyramide email"]
[Site "Remote email"]
[Date "2014.02.09"]
[Round "?"]
[White "Strebel, Hans Dieter"]
[Black "Galje, Hans"]
[Result "0-1"]
[WhiteElo "2000"]
[BlackElo "2356"]
[PlyCount "46"]
[EventDate "2014.??.??"]
[EventType "tourn (corr)"]
[EventRounds "6"]
[EventCountry "GER"]
[SourceTitle "Corr 2015"]
[Source "ChessBase"]
[SourceDate "2015.07.17"]
[SourceVersion "1"]
[SourceVersionDate "2015.07.17"]
[SourceQuality "1"]

1. Nf3 Nf6 2. c4 c5 3. g3 d5 4. cxd5 Nxd5 5. Bg2 Nc6 6. 0-0 e5 7. d3 Be7 8. a3 0-0 9. Nc3 Nc7 10. Qc2 Be6 11. e4 f6 12. Be3 Qd7 13. Rfd1 b6 14. Rab1 Rad8 15. Rd2 Nd4 16. Bxd4 cxd4 17. Ne2 a5 18. b4 axb4 19. axb4 Nb5 20. Qb2 Ra8 21. Qc1 Rfc8 22. Qe1 Na3 23. Rbb2 Qa4 0-1

[Event "Remote email"]
[Site "Remote email"]
[Date "2014.02.08"]
[Round "?"]
[White "Maier, Ralf"]
[Black "Strebel, Hans Dieter"]
[Result "1-0"]
[WhiteElo "1919"]
[BlackElo "2000"]
[PlyCount "41"]
[EventDate "2014.??.??"]
[EventType "tourn (corr)"]
[EventRounds "6"]
[EventCountry "GER"]
[SourceTitle "Corr 2015"]
[Source "ChessBase"]
[SourceDate "2015.07.17"]
[SourceVersion "1"]
[SourceVersionDate "2015.07.17"]
[SourceQuality "1"]

1. d4 Nf6 2. c4 e5 3. dxe5 Ng4 4. Nf3 Bc5 5. e3 Nc6 6. Be2 Ngxe5 7. Nxe5 Nxe5 8. Nc3 d6 9. b3 Qe7 10. Bb2 0-0 11. 0-0 Bf5 12. Nd5 Qd8 13. Bxe5 dxe5 14. b4 Be7 15. Nxe7+ Qxe7 16. c5 c6 17. Qb3 Be6 18. Bc4 Bxc4 19. Qxc4 Rfd8 20. Rfd1 Kf8 21. Qc2 1-0